[Event "AUTO-OPEN-2733"]
[Site "http://www.queenalice.com/game.php?id=1079754"]
[Date "2012.7.5"]
[Round "1"]
[White "Dalessandrojunior"]
[Black "raven225"]
[Result "0-1"]
[WhiteElo "1137"]
[BlackElo "1712"]

1. e4 c5 2. Bc4 Nc6 3. Qf3 e6 4. Nh3 Nf6 5. a4 Be7 6. Ra3 Ne5 7. Qe3 Nxc4 8. Qc3
Nxa3 9. Qxa3 O-O 10. g4 Nxe4 11. Qe3 d5 12. c3 f5 13. gxf5 exf5 14. d3 Nd6 15.
Rg1 Bh4 16. Rg2 Re8 0-1

[Event "AUTO-OPEN-2733"]
[Site "http://www.queenalice.com/game.php?id=1079755"]
[Date "2012.7.5"]
[Round "1"]
[White "raven225"]
[Black "Dalessandrojunior"]
[Result "1-0"]
[WhiteElo "1702"]
[BlackElo "1137"]

1. d4 d5 2. Nc3 g6 3. Nf3 e6 4. Bg5 f6 5. Bh4 g5 6. Bg3 Ne7 7. h3 Nbc6 8. e3 Nf5
9. Bh2 a6 10. Bd3 Nce7 11. g4 Nh4 12. Nxh4 c6 13. Nf3 e5 14. dxe5 fxe5 15. Nxe5
Qd6 16. Nf7 Qf6 17. Nxh8 Qxh8 18. Qf3 b5 19. O-O-O h6 20. Rhe1 1-0

[Event "AUTO-OPEN-2733"]
[Site "http://www.queenalice.com/game.php?id=1079756"]
[Date "2012.7.5"]
[Round "1"]
[White "Dalessandrojunior"]
[Black "Meauxchess"]
[Result "0-1"]
[WhiteElo "1229"]
[BlackElo "2403"]

1. Nc3 d5 2. Nf3 d4 3. Ne4 Nc6 4. h4 f5 5. Neg5 e5 6. e3 dxe3 7. fxe3 h6 8. Nh3
Nf6 9. b3 Ng4 10. Nh2 Qxh4+ 11. Ke2 Nxh2 12. Rxh2 f4 13. Qe1 Bg4+ 14. Kd3 e4+
15. Kxe4 Qf6 16. Nxf4 Qf5# 0-1

[Event "AUTO-OPEN-2733"]
[Site "http://www.queenalice.com/game.php?id=1079757"]
[Date "2012.7.5"]
[Round "1"]
[White "Meauxchess"]
[Black "Dalessandrojunior"]
[Result "1-0"]
[WhiteElo "2404"]
[BlackElo "1137"]

1. b4 d5 2. Bb2 c6 3. Nf3 Na6 4. a3 e6 5. e3 Nf6 6. d4 Bd6 7. Nbd2 h5 8. c4 dxc4
9. Nxc4 b5 10. Nxd6+ Qxd6 11. Bd3 g6 12. Qc2 Rg8 13. e4 Qd7 14. d5 Ng4 15. h3
Nh6 16. Ne5 Qd6 17. Nxc6 Bd7 18. Be5 Qf8 19. Bxb5 Nb8 20. Nxb8 Rxb8 21. Bxd7+
Ke7 22. d6+ Kd8 23. Qc7# 1-0

[Event "Let's Play Chess!"]
[Site "http://www.queenalice.com/game.php?id=1080255"]
[Date "2012.7.7"]
[Round "-"]
[White "Dalessandrojunior"]
[Black "charles31"]
[Result "0-1"]
[WhiteElo "1229"]
[BlackElo "1734"]

1. e4 e5 2. Bc4 Nf6 3. f4 exf4 4. e5 Qe7 5. d4 Ng8 6. Ne2 g5 7. g4 d6 8. exd6
cxd6 9. h4 gxh4 10. Rh2 Bxg4 11. Bxf4 f5 12. Nc3 Nd7 13. b3 Bg7 14. Nd5 Qd8 15.
b4 Ndf6 16. Ne3 Bxe2 17. Qxe2 Qd7 18. Nxf5+ Kd8 19. Be6 Qc7 20. Rc1 Nd5 21. Bd2
Bf6 22. Rg2 Nge7 23. Nh6 Bxd4 24. c3 Nxc3 25. Qe4 Nxe4 26. Rxc7 Kxc7 27. Rg7
Bxg7 28. Nf7 Nxd2 29. Kxd2 Rhf8 30. Ng5 h6 31. Ne4 d5 32. Nc5 d4 33. Bc4 h3 0-1

[Event "Let's Play Chess!"]
[Site "http://www.queenalice.com/game.php?id=1080285"]
[Date "2012.7.7"]
[Round "-"]
[White "Dalessandrojunior"]
[Black "plot24"]
[Result "0-1"]
[WhiteElo "1500"]
[BlackElo "1873"]

1. e4 e5 2. Bc4 Nf6 3. Qh5 Nxh5 4. g4 d5 5. exd5 Bxg4 6. f3 Qh4+ 7. Ke2 Bxf3+ 8.
Nxf3 Qxc4+ 9. d3 Qxc2+ 10. Ke3 Bc5+ 11. d4 exd4+ 12. Nxd4 Bxd4+ 13. Kxd4 c5+ 14.
Ke5 Nd7+ 15. Kd6 Qg6+ 16. Kc7 Qb6# 0-1

[Event "Let's Play Chess!"]
[Site "http://www.queenalice.com/game.php?id=1080286"]
[Date "2012.7.7"]
[Round "-"]
[White "Dalessandrojunior"]
[Black "plot24"]
[Result "0-1"]
[WhiteElo "1487"]
[BlackElo "1898"]

1. e4 e6 2. e5 d5 3. d4 c5 4. dxc5 Nc6 5. c4 Nxe5 6. f4 Nc6 7. cxd5 exd5 8. Be3
Nf6 9. g4 Bxg4 10. Be2 Bxe2 11. Qxe2 Be7 12. Nh3 O-O 13. Rg1 Re8 14. Qg2 g6 15.
Qg5 Bxc5 16. Nc3 Rxe3+ 17. Ne2 Rxh3 18. Rg3 Rxg3 19. Qxg3 Qe7 20. Rc1 Re8 21. f5
Qxe2# 0-1

[Event "AUTO-INT-2375"]
[Site "http://www.queenalice.com/game.php?id=1080455"]
[Date "2012.7.8"]
[Round "1"]
[White "Tlaloc2k"]
[Black "Dalessandrojunior"]
[Result "1-0"]
[WhiteElo "1604"]
[BlackElo "1137"]

1. d4 e6 2. Nf3 d5 3. e3 a6 4. c4 dxc4 5. Bxc4 b5 6. Bb3 a5 7. a4 b4 8. O-O c5
9. dxc5 Qc7 10. Nbd2 g5 11. Nxg5 f6 12. Qh5+ Ke7 13. Nf7 Qe5 14. Nxe5 fxe5 15.
Qxe5 Nf6 16. g4 h6 17. Ne4 Nc6 18. Qd6+ Kf7 19. Qxc6 Rb8 20. Qc7+ Nd7 21. Qf4+
Ke7 22. c6 Rb6 23. cxd7 Bxd7 24. Qf6+ Ke8 25. Qxh8 Kf7 26. Qd4 Bg7 27. Qxd7+ Kg6
28. Bxe6 Rb8 29. Qf7+ Kh7 30. Nf6+ Kh8 31. Qg6 Bxf6 32. Qxf6+ Kh7 33. Rd1 1-0

[Event "AUTO-INT-2375"]
[Site "http://www.queenalice.com/game.php?id=1080456"]
[Date "2012.7.8"]
[Round "1"]
[White "Dalessandrojunior"]
[Black "Tlaloc2k"]
[Result "0-1"]
[WhiteElo "1137"]
[BlackElo "1613"]

1. e4 c6 2. Qf3 e5 3. Bc4 Qe7 4. d4 f6 5. g4 g5 6. c3 Nh6 7. h4 Bg7 8. a4 d6 9.
hxg5 Bxg4 10. Qg3 fxg5 11. f3 Bd7 12. Nd2 Bf6 13. Rxh6 Qg7 14. Rh2 h5 15. Nh3 h4
16. Qf2 exd4 17. Nb3 dxc3 18. Rb1 Be5 19. Rg2 Bg3 20. Rxg3 hxg3 21. Qxg3 Rxh3
22. Qxd6 cxb2 23. Bxb2 Rh1+ 24. Bf1 Qh7 25. Qg3 Rxf1+ 26. Kxf1 Qh1+ 27. Qg1
Qxf3+ 28. Qf2 Qxb3 29. e5 Qxa4 30. Ra1 Qb5+ 31. Ke1 Be6 32. Rd1 Nd7 33. Bc1
Qxe5+ 34. Be3 O-O-O 35. Rd2 Rf8 36. Qe2 g4 37. Qg2 Kc7 38. Rc2 Qxe3+ 39. Re2
Qc1# 0-1

[Event "AUTO-INT-2375"]
[Site "http://www.queenalice.com/game.php?id=1080475"]
[Date "2012.7.8"]
[Round "1"]
[White "Dalessandrojunior"]
[Black "Givanildo"]
[Result "0-1"]
[WhiteElo "1137"]
[BlackElo "1624"]

1. e4 e6 2. f4 Bc5 3. d4 Bb6 4. g3 d5 5. exd5 Qxd5 6. Nf3 Nf6 7. c4 Qe4+ 8. Be2
c6 9. Nc3 Qg6 10. Bd2 Nbd7 11. Nh4 Qh6 12. c5 Bc7 13. a4 Nd5 14. Nxd5 cxd5 15.
Rf1 Nf6 16. Bb5+ Bd7 17. Bxd7+ Nxd7 18. f5 Qf6 19. b4 h6 20. a5 Qxd4 21. Rc1
Qe4+ 22. Qe2 Qxe2+ 23. Kxe2 exf5 24. Rxf5 O-O-O 25. b5 Nxc5 26. Rxc5 Rhe8+ 27.
Be3 d4 28. Kf2 dxe3+ 29. Kg2 Rd2+ 30. Kh3 e2 31. Ng2 g5 32. Rxf7 g4+ 33. Kxg4
h5+ 34. Kxh5 Rh8+ 35. Kg4 Rd4+ 36. Kf3 e1=N+ 37. Nxe1 Rd7 38. Rff5 Kb8 39. Ng2
Rd3+ 40. Ne3 b6 41. axb6 Bxb6 42. Rc6 Rxe3+ 43. Kf2 Rxh2+ 44. Kg1 Ree2+ 45. Rf2
Rexf2 0-1

[Event "AUTO-INT-2375"]
[Site "http://www.queenalice.com/game.php?id=1080476"]
[Date "2012.7.8"]
[Round "1"]
[White "Givanildo"]
[Black "Dalessandrojunior"]
[Result "1-0"]
[WhiteElo "1678"]
[BlackElo "1137"]

1. e3 e6 2. Bc4 h5 3. g4 hxg4 4. Qxg4 f5 5. Qg6+ Ke7 6. b3 Rh6 7. Ba3+ d6 8.
Qg5+ Ke8 9. Qg2 a5 10. Bb5+ c6 11. Be2 Nd7 12. Nc3 g5 13. Nf3 Rg6 14. Nd4 Bg7
15. Bxd6 Ne5 16. Bxe5 Bxe5 17. Bh5 Ne7 18. Qxg5 Bf6 19. Bxg6+ Nxg6 20. Qxg6+ Kd7
21. O-O-O Qf8 22. e4 fxe4 23. Nxe4 Bxd4 24. Rhg1 Qf4 25. Qh7+ Kd8 26. Rg8+ Qf8
27. Rxf8# 1-0

[Event "AUTO-OPEN-2735"]
[Site "http://www.queenalice.com/game.php?id=1080557"]
[Date "2012.7.8"]
[Round "1"]
[White "Dalessandrojunior"]
[Black "mhackfeld"]
[Result "0-1"]
[WhiteElo "1137"]
[BlackElo "1697"]

1. e3 e5 2. Qf3 Nh6 3. Bc4 f6 4. Nh3 Nc6 5. g4 d6 6. O-O Qe7 7. Nc3 Be6 8. Nd5
Qf7 9. d3 Be7 10. e4 Nd4 11. Qg2 O-O-O 12. Nxe7+ Qxe7 13. Bxe6+ Qxe6 14. f3 Nf7
15. c3 Nc6 0-1

[Event "AUTO-OPEN-2735"]
[Site "http://www.queenalice.com/game.php?id=1080558"]
[Date "2012.7.8"]
[Round "1"]
[White "mhackfeld"]
[Black "Dalessandrojunior"]
[Result "1-0"]
[WhiteElo "1695"]
[BlackElo "1137"]

1. e4 e5 2. Nf3 d6 3. Bc4 Nh6 4. O-O Na6 5. d3 f5 6. Bg5 Be7 7. Bxe7 Qxe7 8. Nc3
Be6 9. Nd5 Qd7 10. Nxc7+ Nxc7 11. Ng5 Bxc4 12. dxc4 fxe4 13. Nxe4 b5 14. b3 Rf8
15. f3 1-0

[Event "AUTO-OPEN-2735"]
[Site "http://www.queenalice.com/game.php?id=1080559"]
[Date "2012.7.8"]
[Round "1"]
[White "Dalessandrojunior"]
[Black "joao_messias"]
[Result "0-1"]
[WhiteElo "1137"]
[BlackElo "1686"]

1. e3 e5 2. Qf3 d6 3. Bc4 Nf6 4. Nc3 g6 5. Nh3 Bxh3 6. Qxh3 Bg7 7. b3 a6 8. f3
Nc6 9. O-O Qd7 10. Qg3 Na5 11. Be2 O-O-O 12. Bb2 h5 13. b4 Nc6 14. b5 axb5 15.
Nxb5 h4 16. Qf2 h3 17. gxh3 Qxh3 18. f4 Ne4 19. Qf3 Qxh2# 0-1

[Event "AUTO-OPEN-2735"]
[Site "http://www.queenalice.com/game.php?id=1080560"]
[Date "2012.7.8"]
[Round "1"]
[White "joao_messias"]
[Black "Dalessandrojunior"]
[Result "1-0"]
[WhiteElo "1684"]
[BlackElo "1137"]

1. e4 e5 2. Nf3 d6 3. h3 Nf6 4. Bc4 Nxe4 5. d3 Nc5 6. b4 Nca6 7. Ng5 Qf6 8.
Bxf7+ Ke7 9. Bb3 Nxb4 10. Nf7 g6 11. Bg5 Rg8 12. Bxf6+ Kxf6 13. Nxd6 cxd6 14.
Nc3 Be6 15. Nd5+ Nxd5 16. Qf3+ Ke7 17. Bxd5 1-0

[Event "AUTO-OPEN-2735"]
[Site "http://www.queenalice.com/game.php?id=1080561"]
[Date "2012.7.8"]
[Round "1"]
[White "Dalessandrojunior"]
[Black "Gatsby57"]
[Result "0-1"]
[WhiteElo "1137"]
[BlackElo "1919"]

1. e3 d5 2. d4 e6 3. c3 c5 4. dxc5 Bxc5 5. b4 Bb6 6. Nf3 a5 7. b5 Nf6 8. Ne5 O-O
9. a4 Nbd7 10. Nxd7 Bxd7 11. e4 Nxe4 12. Qe2 Qf6 13. Be3 Nxc3 14. Qc2 Bxe3 15.
fxe3 Rac8 16. Ra3 Ne4 0-1

[Event "AUTO-OPEN-2735"]
[Site "http://www.queenalice.com/game.php?id=1080562"]
[Date "2012.7.8"]
[Round "1"]
[White "Gatsby57"]
[Black "Dalessandrojunior"]
[Result "1-0"]
[WhiteElo "1921"]
[BlackElo "1137"]

1. d4 d5 2. Nc3 Nc6 3. f3 e6 4. a3 g6 5. e4 h5 6. Bb5 a6 7. Bxc6+ bxc6 8. e5 f6
9. exf6 Nxf6 10. Bg5 Rb8 11. Na4 Bd7 12. Qd3 Qc8 13. Qxg6+ Kd8 14. Bxf6+ Be7 15.
Bxh8 Be8 16. Qg8 1-0